000 00878nam a2200289 a 4500
008
020 _a9780323261999 (hardback)
040 _aNUST
_cNUST
049 _aMAIN
090 _aRC78.7.D53
_bPAP
100 1 _aPapp, Jeffrey
245 0 _aQuality Management in the Imaging Sciences
_cPapp, Jeffrey.
260 _aMissouri :
_bElsevier,
_c2015
300 _aFifth edition
300 _axv, 372 pages :
_billustrations ;
_c28 cm
336 _atext
_btxt
_2rdacontent
337 _aunmediated
_bn
_2rdamedia
338 _avolume
_bnc
_2rdamedia
500 _aIncludes index.
650 _aUltrasound Equipment Quality Assurance
650 _aProcessor Quality Control
650 1 _aFilm processing
907 _a.b1039980x
_b31-03-21
_c17-03-21
003
005 20230120144501.0
942 _cBOOKS
_kRC78.7.D53
_mPAP
999 _c97672
_d97672